000 00586nam a2200229Ia 4500
003 OSt
005 20220924132425.0
006 a|||||r|||| 00| 0
007 ta
008 220923b |||||||| |||| 00| 0 hin d
024 _a53723
037 _cTextual
040 _aARTS
_cARTS
_bhin
041 _2hin
_ahin
082 _aP15:10A28:3x1:1, 152K4
100 _aYaska
245 0 _aNirukta shastram comm and tr by Bhagavatta
260 _c1964
650 _aLINGUISTICS
942 _hP15:10A28:3x1:1, 152K4
_cTEXL
_2CC
999 _c430264
_d430264